NBA Players that won an MVP - Sudden Death - Statistics

General Stats
  • This quiz has been taken 786 times
    710 since last reset
  • The average score is 8 of 11
Answers on the Grid
Answers color-coded by a green-red scale on the quiz's grid according to % correct below.
Nikola Jokic
Luka Doncic
Victor Wembanya
Michael Jordan
Derrick Rose
Karl Malone
John Stockton
Klay Thompson
Scottie Pippen
Denins Rodman
Steve Kerr
Lebron James
Kobe Byrant
Ja Morant
Magic Johnson
Kevin Durant
Ben Simmons
Reggie Miller
Charles Barkley
Dominique Wilkins
Patrick Ewing
Kevin Love
Giannis Antetokounmpo
Bill Russell
Jerry West
Amen Thompson
Trae Young
Antony Edwards
 
Answer Stats
Answer % Correct
Kobe Byrant
83%
Nikola Jokic
80%
Lebron James
79%
Kevin Durant
78%
Michael Jordan
78%
Giannis Antetokounmpo
77%
Derrick Rose
75%
Magic Johnson
73%
Charles Barkley
64%
Karl Malone
58%
Bill Russell
56%
No matching quizzes found
Score Distribution
Percent of People with Each Score
Percentile by Number Answered
Your Score History
You have not taken this quiz since the last reset